000 00703nam a2200289Ia 4500
005 20260324131024.0
008 008 260324s9999 xx 000 0 eng d
020 _a9781315786728
037 _aEBOOK
040 _aCRL
040 _beng
040 _cCRL
041 _2eng
041 _aeng
084 _qCRL
100 _aLisa Duggan; Nan D. Hunter
_91183924
245 0 _aSex Wars
245 0 _bSexual Dissent and Political Culture (10th Anniversary Edition)
260 _bTaylor and Francis
260 _c2006
365 _a
365 _b240
856 _uhttp://www.taylorfrancis.com/books/9781315786728
942 _cEBOOK
999 _c1780718
_d1780718